[Event "IV Weekend"]
[Site "Casaleone ITA"]
[Date "2011.05.29"]
[Round "2"]
[White "Leone, Cataldo"]
[Black "Turazza, Silvia"]
[Result "1-0"]
[WhiteElo "1602"]
[BlackElo "1731"]
[PlyCount "149"]
[EventDate "2011.05.28"]

1. e4 c5 2. Nf3 Nc6 3. d4 cxd4 4. Nxd4 g6 5. Nc3 Bg7 6. Nce2 d6 7. c3 Bd7 8.
Be3 Nf6 9. f3 O-O 10. Ng3 d5 11. Bd3 Nxd4 12. Bxd4 Qc7 13. O-O e5 14. Be3 Bc6
15. Rc1 a6 16. Qe2 dxe4 17. Nxe4 Nd5 18. Rfd1 Nxe3 19. Qxe3 f5 20. Nc5 Qb6 21.
b4 Rfe8 22. Bc4+ Kh8 23. Bd5 e4 24. Bxc6 Qxc6 25. fxe4 fxe4 26. Rc2 b6 27. Nb3
Rad8 28. Nd4 Bxd4 29. Rxd4 Rxd4 30. Qxd4+ Kg8 31. Rd2 e3 32. Re2 Qe6 33. Kf1
Re7 34. Ke1 Qc6 35. Kf1 Qe6 36. Ke1 Qe4 37. Qxe4 Rxe4 38. Rc2 b5 39. Ke2 Kf7
40. Kd3 Re6 41. Re2 Kf6 42. Rxe3 Rxe3+ 43. Kxe3 Ke5 44. Kd3 Kd5 45. h4 h6 46.
g4 g5 47. h5 Ke5 48. c4 bxc4+ 49. Kxc4 Kf4 50. a4 Kxg4 51. b5 axb5+ 52. axb5
Kh3 53. b6 g4 54. b7 g3 55. b8=Q g2 56. Qc8+ Kh2 57. Qc7+ Kh1 58. Qc6 Kh2 59.
Qd6+ Kh1 60. Qd5 Kh2 61. Qe5+ Kh1 62. Qe4 Kh2 63. Qh4+ Kg1 64. Kd5 Kf1 65. Qf4+
Ke1 66. Qg3+ Kf1 67. Qf3+ Kg1 68. Ke5 Kh2 69. Qf2 Kh1 70. Qh4+ Kg1 71. Kf6 Kf1
72. Qh3 Kf2 73. Qxg2+ Kxg2 74. Kg6 Kg3 75. Kxh6 1-0

[Event "IV Weekend"]
[Site "Casaleone ITA"]
[Date "2011.05.29"]
[Round "2"]
[White "Molina, Fabrizio"]
[Black "Cavalleri, Giuseppe"]
[Result "1-0"]
[WhiteElo "2236"]
[BlackElo "1819"]
[PlyCount "139"]
[EventDate "2011.05.28"]

1. Nf3 d5 2. g3 c5 3. Bg2 Nc6 4. d4 cxd4 5. Nxd4 e5 6. Nxc6 bxc6 7. c4 Bb4+ 8.
Kf1 Ne7 9. a3 Ba5 10. cxd5 cxd5 11. b4 Bb6 12. Bb2 f6 13. Nc3 Be6 14. h4 Rc8
15. Qd2 O-O 16. Bh3 Bxh3+ 17. Rxh3 Qd7 18. Kg2 Rfd8 19. Rhh1 Qf5 20. f3 d4 21.
Ne4 Nd5 22. Rhc1 Ne3+ 23. Kh2 Qe6 24. Rxc8 Rxc8 25. Rc1 Rxc1 26. Qxc1 Qc4 27.
Qxc4+ Nxc4 28. Bc1 Kf7 29. h5 h6 30. g4 Ke6 31. Kg2 Kd5 32. Ng3 Nd6 33. Bd2 Kc4
34. a4 Kb3 35. a5 Bc7 36. Kf2 Kc2 37. Be1 d3 38. exd3 Kxd3 39. Nf1 e4 40. Ne3
exf3 41. Nd5 Bd8 42. Kxf3 Kc4 43. Nf4 Ne8 44. Ke4 Be7 45. Kf5 Bxb4 46. Bxb4
Kxb4 47. Ke6 f5 48. gxf5 Nf6 49. Kf7 Kxa5 50. Kxg7 Ng4 51. f6 Nxf6 52. Kxf6 Kb4
53. Ke5 a5 54. Kd4 Kb3 55. Nd3 Kc2 56. Nc5 Kb2 57. Kc4 Kc2 58. Na4 Kd2 59. Kd4
Kc2 60. Nb6 Kb3 61. Nd7 Kb4 62. Nc5 Kb5 63. Ne4 Kb4 64. Nc3 Kb3 65. Kd3 Kb4 66.
Nd5+ Kc5 67. Ne3 a4 68. Nf5 Kd5 69. Nxh6 Ke5 70. Ng4+ 1-0

[Event "IV Weekend"]
[Site "Casaleone ITA"]
[Date "2011.05.29"]
[Round "2"]
[White "Pisani, Valerio"]
[Black "Mulone, Gaspare"]
[Result "1-0"]
[WhiteElo "1720"]
[BlackElo "1666"]
[PlyCount "90"]
[EventDate "2011.05.28"]

1. Nc3 Nf6 2. d4 d5 3. Bg5 e6 4. a3 Be7 5. Nf3 Nbd7 6. e3 a6 7. b4 O-O 8. Bd3
c6 9. Na4 b5 10. Nc5 Nxc5 11. bxc5 Nd7 12. h4 f6 13. Bf4 Qa5+ 14. Qd2 Qxd2+ 15.
Nxd2 e5 16. Bg3 e4 17. Be2 f5 18. Nb3 a5 19. Kd2 a4 20. Nc1 g6 21. Bf4 Rf7 22.
Na2 Bb7 23. g4 Bf6 24. Rag1 Kh8 25. g5 Be7 26. Nb4 Nf8 27. Rh2 Ne6 28. Be5+ Kg8
29. f4 Ng7 30. h5 Kf8 31. c3 Bxc5 32. dxc5 Re8 33. hxg6 hxg6 34. Rh6 Ne6 35.
Rxg6 Ke7 36. Bd6+ Kd7 37. Rg2 Rh8 38. Rh6 Rxh6 39. gxh6 Rh7 40. Rg6 Bc8 41. Bf1
Rf7 42. Bh3 Nf8 43. Rg7 Ke6 44. Nxc6 Kf6 45. Be5+ Ke6 1-0

[Event "IV Weekend"]
[Site "Casaleone ITA"]
[Date "2011.05.29"]
[Round "2"]
[White "Steccanella, Willi"]
[Black "Bertani, Gianfranco"]
[Result "0-1"]
[WhiteElo "1869"]
[BlackElo "2063"]
[PlyCount "54"]
[EventDate "2011.05.28"]

1. c4 f5 2. Nc3 Nf6 3. d4 e6 4. Bg5 Be7 5. e4 Nxe4 6. Nxe4 fxe4 7. Qh5+ g6 8.
Bxe7 Qxe7 9. Qe5 Qb4+ 10. Kd1 O-O 11. d5 e3 12. Qxe3 Qxb2 13. Rc1 Qxf2 14. Qxf2
Rxf2 15. Ne2 d6 16. g3 Na6 17. Ke1 Rf8 18. Nd4 e5 19. Nb5 Bd7 20. Ke2 Bxb5 21.
cxb5 Nc5 22. Bh3 a6 23. b6 cxb6 24. Rc4 Rf6 25. a4 Raf8 26. Rb4 Rf2+ 27. Kd1
Ra2 0-1

[Event "IV Weekend"]
[Site "Casaleone ITA"]
[Date "2011.05.29"]
[Round "2"]
[White "Xia, Jie"]
[Black "Rossi, Gianni"]
[Result "1-0"]
[WhiteElo "2224"]
[BlackElo "1813"]
[PlyCount "45"]
[EventDate "2011.05.28"]

1. e4 e6 2. d4 d6 3. Nc3 a6 4. f4 b6 5. Nf3 g6 6. Bd3 Bg7 7. Be3 Ne7 8. O-O Bb7
9. Qd2 Nd7 10. Ne2 O-O 11. Ng3 c5 12. c3 Rc8 13. f5 cxd4 14. cxd4 exf5 15. exf5
Nxf5 16. Nxf5 gxf5 17. Bxf5 Nf6 18. Bg5 Rc7 19. Qf4 Nd5 20. Qh4 f6 21. Qxh7+
Kf7 22. Qg6+ Ke7 23. Rae1+ 1-0

[Event "IV Weekend"]
[Site "Casaleone ITA"]
[Date "2011.05.29"]
[Round "2"]
[White "Zonta, Riccardo"]
[Black "Molinaroli, Giacomo"]
[Result "0-1"]
[WhiteElo "1633"]
[BlackElo "1852"]
[PlyCount "96"]
[EventDate "2011.05.28"]

1. e4 e6 2. d4 d5 3. exd5 exd5 4. Nc3 Nf6 5. Bd3 Bb4 6. a3 Ba5 7. Nf3 O-O 8.
O-O Bg4 9. h3 Bh5 10. Re1 Nc6 11. Be3 Re8 12. b4 Bb6 13. Be2 Ne4 14. Qd3 Bg6
15. Nd1 Nxf2 16. Qb3 Ne4 17. Nf2 Qd6 18. Rad1 Rad8 19. Nh4 Nxf2 20. Bxf2 Be4
21. Bf3 f5 22. Bxe4 fxe4 23. Qb2 Ne7 24. c3 c6 25. g3 Qe6 26. Kh2 Bc7 27. Rg1
Qf6 28. Ng2 Ng6 29. Rdf1 Nh4 30. Nxh4 Qxh4 31. Be1 Rf8 32. Qg2 Qe7 33. Kh1 Rxf1
34. Rxf1 Rf8 35. Rxf8+ Qxf8 36. g4 Qf4 37. Qf2 Kf7 38. Kg2 Kg6 39. Qg3 Qxg3+
40. Bxg3 Bxg3 41. Kxg3 Kf6 42. h4 g6 43. a4 h6 44. a5 b6 45. axb6 axb6 46. Kf4
h5 47. g5+ Ke6 48. b5 cxb5 0-1

[Event "IV Weekend"]
[Site "Casaleone ITA"]
[Date "2011.05.29"]
[Round "3"]
[White "Avanzini, Angelo"]
[Black "Adami, Alessandro"]
[Result "0-1"]
[WhiteElo "1485"]
[BlackElo "1688"]
[PlyCount "74"]
[EventDate "2011.05.28"]

1. d4 f5 2. g3 Nf6 3. Bg2 g6 4. Nf3 Bg7 5. c4 d6 6. Nc3 O-O 7. Bf4 c6 8. Qd2
Qe8 9. O-O Nbd7 10. Qc2 e5 11. dxe5 dxe5 12. Bg5 h6 13. Bxf6 Nxf6 14. e4 f4 15.
Rad1 g5 16. Rd3 Bg4 17. Rfd1 Qh5 18. Nxe5 Bxd1 19. Qxd1 Qxd1+ 20. Rxd1 Nxe4 21.
Bxe4 Bxe5 22. Rd7 Rf7 23. Rd3 Bxc3 24. Rxc3 Rd8 25. b4 fxg3 26. hxg3 Rd1+ 27.
Kg2 Rd2 28. Rf3 Rxf3 29. Bxf3 Rxa2 30. b5 cxb5 31. cxb5 Rb2 32. Bxb7 Rxb5 33.
Ba6 Rb6 34. Bc8 a5 35. g4 a4 36. Kf3 a3 37. Ke4 a2 0-1

[Event "IV Weekend"]
[Site "Casaleone ITA"]
[Date "2011.05.29"]
[Round "3"]
[White "Benaddi, Redouane"]
[Black "Zonta, Riccardo"]
[Result "1-0"]
[WhiteElo "1704"]
[BlackElo "1633"]
[PlyCount "45"]
[EventDate "2011.05.28"]

1. e4 d6 2. d4 Nf6 3. Nc3 Nbd7 4. h3 e5 5. d5 Be7 6. g4 h6 7. Be3 O-O 8. Qd2
Re8 9. Nf3 Nc5 10. Bd3 Bf8 11. g5 Nxd3+ 12. cxd3 hxg5 13. Bxg5 Be7 14. Bh6 Nh7
15. Rg1 g6 16. O-O-O Kh8 17. h4 Rg8 18. Rg2 Bd7 19. Rdg1 Bxh4 20. Ng5 Bxg5 21.
Bxg5 Nxg5 22. Rxg5 Qe7 23. Rh5+ 1-0

[Event "IV Weekend"]
[Site "Casaleone ITA"]
[Date "2011.05.29"]
[Round "3"]
[White "Bertani, Gianfranco"]
[Black "Molina, Fabrizio"]
[Result "0-1"]
[WhiteElo "2063"]
[BlackElo "2236"]
[PlyCount "60"]
[EventDate "2011.05.28"]

1. Nf3 d6 2. e4 Nf6 3. d3 e5 4. g3 g6 5. Bg2 Bg7 6. O-O O-O 7. c3 Nc6 8. b4 h6
9. b5 Ne7 10. c4 a6 11. bxa6 Rxa6 12. Nc3 Be6 13. Nd5 Nd7 14. Be3 c6 15. Nxe7+
Qxe7 16. Qd2 Kh7 17. Rab1 Rb8 18. h3 Nc5 19. Nh2 Ra3 20. Bxc5 dxc5 21. f4 exf4
22. gxf4 Qd7 23. Rb3 Rba8 24. Rxa3 Rxa3 25. Rd1 Bd4+ 26. Kh1 Bxh3 27. Bf3 Qd8
28. Nf1 Qh4 29. Qh2 Rxa2 30. Nd2 Rxd2 0-1

[Event "IV Weekend"]
[Site "Casaleone ITA"]
[Date "2011.05.29"]
[Round "3"]
[White "Bonini, Roberto"]
[Black "Leone, Cataldo"]
[Result "1-0"]
[WhiteElo "1874"]
[BlackElo "1602"]
[PlyCount "111"]
[EventDate "2011.05.28"]

1. e4 e5 2. Nf3 d6 3. d4 exd4 4. Nxd4 Nf6 5. Nc3 Be7 6. Be2 O-O 7. O-O c5 8.
Nf3 Nc6 9. h3 Re8 10. Re1 Bf8 11. Bc4 Be6 12. Nd5 h6 13. Bf4 Bd7 14. Nxf6+ Qxf6
15. Bg3 Be6 16. Bd5 Bxd5 17. exd5 Ne5 18. Nxe5 dxe5 19. c4 Bd6 20. Qg4 Qg5 21.
Qd7 Qe7 22. Qxe7 Rxe7 23. f3 Rd8 24. Re3 f6 25. Rae1 f5 26. Ra3 a6 27. Rb3 f4
28. Bf2 Kf7 29. Kf1 g5 30. Rb6 Rdd7 31. Re4 Ke8 32. Ke2 Kd8 33. Kd3 Kc7 34. Rb3
Rg7 35. Be1 b6 36. Bc3 Rde7 37. Re2 h5 38. Ke4 g4 39. hxg4 hxg4 40. fxg4 Rxg4
41. Kf5 Reg7 42. Bxe5 Bxe5 43. Kxe5 R7g5+ 44. Ke4 Rxg2 45. Rxg2 Rxg2 46. Kxf4
Rc2 47. Ke5 Rxc4 48. Rh3 Rd4 49. Rh7+ Kc8 50. Kd6 c4 51. Kc6 Kd8 52. d6 Ke8 53.
d7+ Kd8 54. Rh8+ Ke7 55. Re8+ Kf7 56. d8=Q 1-0

[Event "IV Weekend"]
[Site "Casaleone ITA"]
[Date "2011.05.29"]
[Round "3"]
[White "Caldonazzo, Matteo"]
[Black "Xia, Jie"]
[Result "1-0"]
[WhiteElo "1976"]
[BlackElo "2224"]
[PlyCount "127"]
[EventDate "2011.05.28"]

1. Nf3 Nf6 2. g3 g6 3. Bg2 Bg7 4. O-O O-O 5. d3 d6 6. e4 c5 7. Nbd2 Nc6 8. c3
Ne8 9. Re1 Rb8 10. Nf1 e5 11. Ne3 Nc7 12. a4 Be6 13. Qc2 h6 14. h3 a6 15. a5 f5
16. Nh4 Ne7 17. c4 f4 18. Nd5 Bf7 19. Bd2 Ne6 20. Bc3 Nc6 21. Nf3 fxg3 22. fxg3
Ng5 23. Rf1 Bxd5 24. cxd5 Nxf3+ 25. Bxf3 Nd4 26. Bxd4 exd4 27. Bg4 Qg5 28. Qc1
Rxf1+ 29. Kxf1 Rf8+ 30. Kg2 Qe5 31. Qc2 h5 32. Be6+ Kh7 33. Qe2 c4 34. Rf1 cxd3
35. Qxd3 Rxf1 36. Kxf1 Qg5 37. b3 Qc1+ 38. Ke2 Be5 39. Qf3 Qc2+ 40. Kf1 d3 41.
Qf7+ Bg7 42. Bf5 Qe2+ 43. Kg1 Qe3+ 44. Kg2 Qg5 45. Be6 d2 46. Qf1 Qe3 47. Bf5
d1=Q 48. Qxd1 gxf5 49. Qxh5+ Qh6 50. Qxf5+ Qg6 51. Kf3 Qxf5+ 52. exf5 Bc3 53.
g4 Kh6 54. h4 Be1 55. g5+ Kg7 56. Kg4 Bxa5 57. f6+ Kf8 58. Kf5 Bd2 59. h5 b5
60. h6 Kg8 61. Kg6 Bc3 62. h7+ Kh8 63. Kf7 Bxf6 64. gxf6 1-0

[Event "IV Weekend"]
[Site "Casaleone ITA"]
[Date "2011.05.29"]
[Round "3"]
[White "Cavalleri, Giuseppe"]
[Black "Adami, Antonio"]
[Result "1-0"]
[WhiteElo "1819"]
[BlackElo "1710"]
[PlyCount "147"]
[EventDate "2011.05.28"]

1. d4 f5 2. c4 Nf6 3. Nc3 g6 4. Nf3 Bg7 5. h3 d6 6. Bf4 O-O 7. e3 Qe8 8. Be2 c6
9. O-O h6 10. Qc2 Nbd7 11. Bh2 e5 12. dxe5 dxe5 13. Rad1 e4 14. Nd4 Ne5 15. b4
Kh8 16. Na4 Qe7 17. a3 Bd7 18. Nc5 Bc8 19. Rd2 a5 20. Qb3 b6 21. Na4 c5 22.
Bxe5 Qxe5 23. Nc6 Qc7 24. b5 Re8 25. Rfd1 Bd7 26. Rd6 Re6 27. Rxd7 Nxd7 28.
Rxd7 Qxd7 29. Nxb6 Qb7 30. Nxa8 Qxa8 31. Qd1 Bf8 32. Qd7 Rd6 33. Qf7 Bg7 34. g4
Rf6 35. Qe7 Qf8 36. Qxf8+ Rxf8 37. b6 Be5 38. Nxe5 Rb8 39. Nxg6+ Kg7 40. gxf5
Rxb6 41. Nf4 Rb3 42. Ne6+ Kf6 43. Nxc5 Rxa3 44. Nxe4+ Kxf5 45. Nd6+ Ke6 46. c5
Kd5 47. Nb7 Kc6 48. Bf3+ Kc7 49. c6 Ra1+ 50. Kg2 a4 51. Nc5 a3 52. Na6+ Kb6 53.
Nb4 Kc7 54. Bd5 Rc1 55. e4 Kd6 56. f3 Rb1 57. Na2 Rb2+ 58. Kg3 Ke7 59. f4 Rb1
60. Kg4 Rg1+ 61. Kh5 Rh1 62. h4 Rf1 63. Kxh6 Rxf4 64. Kg5 Rf1 65. h5 Rg1+ 66.
Kh6 Kd6 67. Kh7 Rg5 68. h6 Rg1 69. Nc3 Rg3 70. Nb5+ Ke7 71. c7 a2 72. Bxa2 Kd7
73. Be6+ Ke7 74. c8=Q 1-0

[Event "IV Weekend"]
[Site "Casaleone ITA"]
[Date "2011.05.29"]
[Round "3"]
[White "Guerra, Alessandro"]
[Black "Faccia, Sergio"]
[Result "0-1"]
[WhiteElo "2225"]
[BlackElo "2045"]
[PlyCount "106"]
[EventDate "2011.05.28"]

1. d4 Nf6 2. Nf3 c5 3. d5 g6 4. Nc3 d6 5. e4 Bg7 6. Be2 O-O 7. O-O Bg4 8. Nd2
Bxe2 9. Qxe2 a6 10. a4 Nbd7 11. Nc4 Ne8 12. a5 b5 13. axb6 Nxb6 14. Na5 Nc7 15.
Na4 Nxa4 16. Rxa4 Qd7 17. Ra3 Nb5 18. Rg3 Nd4 19. Qd3 Qa4 20. c3 Qxa5 21. cxd4
Bxd4 22. h4 Qb5 23. Qd1 Rab8 24. b3 Qd7 25. Kh1 e6 26. dxe6 Qxe6 27. Qd3 Rfe8
28. h5 Qxe4 29. Qxa6 Qe2 30. Qxe2 Rxe2 31. Bf4 Be5 32. Bxe5 Rxe5 33. hxg6 hxg6
34. Rc1 Rbe8 35. Rd3 Re1+ 36. Rxe1 Rxe1+ 37. Kh2 Re6 38. f4 Kg7 39. g4 Kf6 40.
Kg3 Ke7 41. Kh4 f6 42. f5 gxf5 43. gxf5 Re5 44. Rf3 d5 45. Kh5 d4 46. Kg4 Kd6
47. Rh3 Re4+ 48. Kh5 Re3 49. Rh1 Rxb3 50. Kg6 Ke5 51. Re1+ Re3 52. Rc1 Rg3+ 53.
Kf7 Rc3 0-1

[Event "IV Weekend"]
[Site "Casaleone ITA"]
[Date "2011.05.29"]
[Round "3"]
[White "Magnabosco, Mauro Denis"]
[Black "Bellini, Luca"]
[Result "0-1"]
[WhiteElo "1554"]
[BlackElo "1705"]
[PlyCount "130"]
[EventDate "2011.05.28"]

1. e4 d6 2. d4 e5 3. dxe5 dxe5 4. Qxd8+ Kxd8 5. Bc4 f6 6. Be3 c6 7. a3 b5 8.
Bb3 Na6 9. Nc3 Kc7 10. Nge2 Nc5 11. O-O Nxb3 12. cxb3 Be6 13. b4 g6 14. Rfc1
Kb7 15. f4 Bh6 16. Kf2 Ne7 17. g3 Bb3 18. Nb1 Rad8 19. Nd2 Be6 20. Rc3 Rd7 21.
Nb3 Bxb3 22. Rxb3 Rhd8 23. Rc3 Rd3 24. a4 a6 25. axb5 cxb5 26. Rac1 Rxc3 27.
bxc3 Rd3 28. Rc2 Nc6 29. Nc1 Rd1 30. Nb3 Rh1 31. Kg2 Re1 32. Nc5+ Kc8 33. Kf2
Rh1 34. Kg2 Re1 35. Kf3 a5 36. Nd3 Ra1 37. bxa5 Rxa5 38. Nb4 Kb7 39. Nd3 Bf8
40. Rb2 Ka6 41. Bd2 Ra3 42. Ke2 Na5 43. Be1 Nc4 44. Rc2 Ka5 45. Nb2 Bc5 46. Nd3
Bd6 47. fxe5 fxe5 48. Nb2 Rb3 49. Nxc4+ bxc4 50. Kf3 Ka4 51. Kg4 Be7 52. h4 h5+
53. Kf3 Ka3 54. g4 Rb2 55. Rc1 hxg4+ 56. Kxg4 Rg2+ 57. Kh3 Re2 58. Bg3 Rxe4 59.
Kg2 Bxh4 60. Bxh4 Rxh4 61. Kg3 g5 62. Re1 e4 63. Re3 Kb3 64. Kg2 Kc2 65. Kg3
Kd2 0-1

[Event "IV Weekend"]
[Site "Casaleone ITA"]
[Date "2011.05.29"]
[Round "3"]
[White "Menini, Luca"]
[Black "Boscolo Gnolo, Michele"]
[Result "0-1"]
[WhiteElo "1710"]
[BlackElo "1816"]
[PlyCount "74"]
[EventDate "2011.05.28"]

1. e4 Nf6 2. Nc3 d5 3. exd5 Nxd5 4. Nxd5 Qxd5 5. d4 Nc6 6. c3 e5 7. Qf3 Qxf3 8.
Nxf3 exd4 9. Bb5 dxc3 10. O-O Bb4 11. a3 Be7 12. Re1 Bd7 13. bxc3 a6 14. Ba4 b5
15. Bc2 O-O 16. Bf4 Bf6 17. Be5 Nxe5 18. Nxe5 Be6 19. f4 Rad8 20. g4 Bxe5 21.
Rxe5 Bxg4 22. Rae1 Be6 23. f5 Bd5 24. a4 c6 25. h4 Rd6 26. R1e3 Rh6 27. Rh3 Rd8
28. h5 Kf8 29. axb5 axb5 30. Rh2 Re8 31. Rxe8+ Kxe8 32. Bd1 Rd6 33. Bg4 Ke7 34.
Re2+ Kf6 35. Kf2 h6 36. Rd2 Rd7 37. Be2 Be6 0-1

[Event "IV Weekend"]
[Site "Casaleone ITA"]
[Date "2011.05.29"]
[Round "3"]
[White "Molinaroli, Giacomo"]
[Black "Furnari, Franco"]
[Result "1-0"]
[WhiteElo "1852"]
[BlackElo "1929"]
[PlyCount "93"]
[EventDate "2011.05.28"]

1. e4 e5 2. Nf3 Nc6 3. Bc4 Bc5 4. c3 Nf6 5. d4 exd4 6. cxd4 Bb4+ 7. Nc3 O-O 8.
e5 Ne4 9. Qc2 Nxc3 10. bxc3 Be7 11. Bd3 h6 12. O-O d6 13. Bf4 Bg4 14. Rad1 Bxf3
15. gxf3 Bg5 16. Bg3 Bh4 17. exd6 Bxg3 18. fxg3 Qxd6 19. Rfe1 Rfe8 20. Re4 Re7
21. Rde1 Rae8 22. Qe2 Rxe4 23. fxe4 Ne7 24. e5 Qb6 25. Qe4 Qg6 26. Qxg6 Nxg6
27. Bxg6 fxg6 28. Kf2 b5 29. Ke3 c6 30. Ke4 Rd8 31. Rd1 Rd5 32. Ra1 a6 33. a4
Rd7 34. axb5 axb5 35. e6 Rd8 36. Ra6 Rc8 37. Ke5 Kf8 38. Kd6 Rd8+ 39. Kxc6 b4
40. cxb4 Rxd4 41. b5 Ke7 42. Kb7 Rb4 43. Ra5 Kxe6 44. b6 Kd6 45. Ra6 g5 46. Ka8
h5 47. b7+ 1-0

[Event "IV Weekend"]
[Site "Casaleone ITA"]
[Date "2011.05.29"]
[Round "3"]
[White "Morandini, Alessandro"]
[Black "Benedetti, Maurizio"]
[Result "0-1"]
[WhiteElo "1308"]
[BlackElo "1752"]
[PlyCount "62"]
[EventDate "2011.05.28"]

1. d4 Nf6 2. Nf3 g6 3. Nbd2 Bg7 4. e4 d6 5. Bd3 O-O 6. O-O Nbd7 7. c3 c5 8. Re1
Qc7 9. Nf1 b6 10. Bg5 h6 11. Bxf6 Nxf6 12. dxc5 dxc5 13. a3 Rd8 14. Qc2 Ng4 15.
Rad1 Bb7 16. Ne3 Nxe3 17. Rxe3 c4 18. Be2 h5 19. Nd4 Bh6 20. Rf3 a6 21. Rg3 Bf4
22. Rh3 Bc8 23. g4 hxg4 24. Nc6 Rxd1+ 25. Qxd1 gxh3 26. Bxc4 e6 27. Qd4 Qd7 28.
Qf6 Qd1+ 29. Bf1 Qg4+ 30. Kh1 Qf3+ 31. Kg1 Bxh2+ 0-1

[Event "IV Weekend"]
[Site "Casaleone ITA"]
[Date "2011.05.29"]
[Round "3"]
[White "Negro, Raffaele"]
[Black "Fiscato, Claudio"]
[Result "1/2-1/2"]
[WhiteElo "1903"]
[BlackElo "1831"]
[PlyCount "118"]
[EventDate "2011.05.28"]

1. d4 Nf6 2. Nf3 g6 3. Nc3 Bg7 4. e4 d6 5. Be3 c6 6. Qd2 b5 7. Bd3 O-O 8. Bh6
Nbd7 9. h4 e5 10. Bxg7 Kxg7 11. O-O-O h5 12. Ne2 Rb8 13. Ng3 Ne8 14. dxe5 dxe5
15. Be2 Qf6 16. Qe3 Rb6 17. Ng5 Rh8 18. Kb1 Nf8 19. Rhf1 Ne6 20. f4 exf4 21.
Qd2 Nxg5 22. Rxf4 Qe6 23. hxg5 Ra6 24. b3 Qe5 25. Nf1 Be6 26. Nh2 Qc5 27. Qd4+
Qxd4 28. Rxd4 Rb6 29. Nf3 c5 30. Rd1 c4 31. Nd4 cxb3 32. Nxe6+ Rxe6 33. cxb3 a6
34. Rd7 Rf8 35. a4 Rb6 36. axb5 axb5 37. e5 Kg8 38. Rb4 Ng7 39. Rxb5 Rxb5 40.
Bxb5 Ne6 41. Bc4 Nxg5 42. Re7 Rd8 43. Kc2 Rd4 44. Kc3 Rg4 45. Bd5 Ne4+ 46. Bxe4
Rxe4 47. b4 Kf8 48. Rb7 Rxe5 49. b5 Ke8 50. b6 Kd8 51. Rxf7 Kc8 52. Rf6 Rg5 53.
Rf2 Kb7 54. Rb2 Rc5+ 55. Kd4 Rg5 56. Ke4 Ra5 57. Kf4 Rf5+ 58. Ke4 Ra5 59. Rd2
Rg5 1/2-1/2

[Event "IV Weekend"]
[Site "Casaleone ITA"]
[Date "2011.05.29"]
[Round "3"]
[White "Pieropan, Giorgio"]
[Black "Steccanella, Willi"]
[Result "1-0"]
[WhiteElo "1712"]
[BlackElo "1869"]
[PlyCount "95"]
[EventDate "2011.05.28"]

1. Nf3 c5 2. g3 g6 3. Bg2 Bg7 4. O-O d5 5. d4 Nc6 6. c3 cxd4 7. Nxd4 e5 8. Nb5
a6 9. N5a3 Be6 10. Nd2 Nf6 11. Nb3 O-O 12. Bg5 Qb6 13. Bxf6 Bxf6 14. Bxd5 Rad8
15. e4 h5 16. Qf3 Kg7 17. Nc2 Bg5 18. Bxe6 fxe6 19. Qe2 Rf7 20. Rad1 Rdf8 21.
h4 Be7 22. Rd7 a5 23. Qe3 Qa6 24. Nc5 Qc4 25. Nd3 Kg8 26. Qh6 Qxe4 27. Nce1 Nb8
28. f3 Qc6 29. Nxe5 Qc5+ 30. Rd4 Qxe5 31. Kg2 Rh7 32. Qd2 Nc6 33. Re4 Qd5 34.
Qe2 Nd8 35. Rd4 Qc6 36. Nd3 Bf6 37. Re4 Rhf7 38. Nf4 Re8 39. Qd3 Rd7 40. Qc2
Qd6 41. Rd4 Qe7 42. Qxg6+ Bg7 43. Rxd7 Qxd7 44. Nxh5 Rf8 45. Rf2 Qf7 46. Qg4
Kh8 47. Nf4 e5 48. Ng6+ 1-0

[Event "IV Weekend"]
[Site "Casaleone ITA"]
[Date "2011.05.29"]
[Round "3"]
[White "Pisani, Valerio"]
[Black "Jimchi, Abdelaziz"]
[Result "1-0"]
[WhiteElo "1720"]
[BlackElo "1877"]
[PlyCount "35"]
[EventDate "2011.05.28"]

1. Nc3 g6 2. e4 Bg7 3. d4 d6 4. Nf3 Nd7 5. Be3 a6 6. a4 b6 7. Qd2 Bb7 8. Bd3 e6
9. O-O Ne7 10. Bh6 O-O 11. Rfe1 e5 12. Ne2 exd4 13. Nexd4 Nc6 14. Bxg7 Kxg7 15.
Nxc6 Bxc6 16. Qc3+ Kg8 17. Qxc6 Nc5 18. Rad1 1-0

[Event "IV Weekend"]
[Site "Casaleone ITA"]
[Date "2011.05.29"]
[Round "3"]
[White "Turazza, Silvia"]
[Black "Jirillo, Antonio"]
[Result "0-1"]
[WhiteElo "1731"]
[BlackElo "1541"]
[PlyCount "62"]
[EventDate "2011.05.28"]

1. d4 d5 2. Nf3 Bf5 3. e3 Nf6 4. c4 c6 5. Nc3 e6 6. b3 Bb4 7. Bb2 Ne4 8. Rc1
Qa5 9. a3 Bxc3+ 10. Bxc3 Nxc3 11. b4 Qxa3 12. Qd2 Nb1 13. Qd1 Qxb4+ 14. Nd2
Nxd2 15. Qxd2 Qxd2+ 16. Kxd2 Nd7 17. cxd5 exd5 18. Be2 O-O 19. Ra1 Nb6 20. Bd3
Bxd3 21. Kxd3 f5 22. f3 Nc4 23. e4 fxe4+ 24. fxe4 Rf2 25. exd5 cxd5 26. Rhg1 b5
27. Rab1 a6 28. h3 Re8 29. Kc3 Re3+ 30. Kb4 Rc2 31. Rb3 a5+ 0-1

[Event "IV Weekend"]
[Site "Casaleone ITA"]
[Date "2011.06.04"]
[Round "4"]
[White "Adami, Alessandro"]
[Black "Menini, Luca"]
[Result "1-0"]
[WhiteElo "1688"]
[BlackElo "1710"]
[PlyCount "71"]
[EventDate "2011.05.28"]

1. e4 g6 2. d4 Bg7 3. Nc3 d6 4. g3 b6 5. Bg2 Bb7 6. Nge2 Nd7 7. O-O e6 8. Be3
Ne7 9. Qd2 h6 10. f4 f5 11. e5 Bxg2 12. Kxg2 d5 13. h3 h5 14. Ng1 Bh6 15. Nf3
Kf7 16. Rh1 a6 17. Nh2 c5 18. g4 Nc6 19. Ne2 c4 20. c3 b5 21. gxf5 gxf5 22. Nf3
Qe7 23. Kf2 Rag8 24. Rag1 Nf8 25. Ng3 h4 26. Nh5 Rxg1 27. Rxg1 Nd7 28. Ng5+ Ke8
29. Qe2 b4 30. Bd2 a5 31. Nf6+ Kd8 32. Qh5 Kc7 33. Nf7 Nxf6 34. exf6 Qe8 35.
Qg6 Rf8 36. Nxh6 1-0

[Event "IV Weekend"]
[Site "Casaleone ITA"]
[Date "2011.06.04"]
[Round "4"]
[White "Adami, Antonio"]
[Black "Morandini, Alessandro"]
[Result "1-0"]
[WhiteElo "1710"]
[BlackElo "1308"]
[PlyCount "97"]
[EventDate "2011.05.28"]

1. d4 Nf6 2. f3 d5 3. e4 dxe4 4. Nc3 exf3 5. Nxf3 Bg4 6. h3 Bxf3 7. Qxf3 c6 8.
Be3 Nd5 9. Bc4 e6 10. O-O Nf6 11. g4 h6 12. Rae1 Bd6 13. d5 cxd5 14. Nxd5 Nbd7
15. Nxf6+ Nxf6 16. Bb5+ Ke7 17. Qxb7+ Qc7 18. Qxc7+ Bxc7 19. Bc6 Rab8 20. Ba4
Bb6 21. Kg2 Bxe3 22. Rxe3 Rxb2 23. Bb3 Rd8 24. Rf4 Nd5 25. Bxd5 Rxd5 26. Ra4
Rxc2+ 27. Kf3 a5 28. Rb3 Kf6 29. Rf4+ Ke7 30. Rb7+ Rd7 31. Rxd7+ Kxd7 32. Rxf7+
Kd6 33. Rxg7 Rxa2 34. Ra7 e5 35. Ra6+ Kd5 36. Rxh6 e4+ 37. Ke3 Ra3+ 38. Ke2 Kd4
39. Rd6+ Ke5 40. Rh6 Kf4 41. Rf6+ Kg5 42. Rf5+ Kh4 43. Rh5+ Kg3 44. g5 e3 45.
g6 Kf4 46. Rh4+ Kg5 47. Rg4+ Kh6 48. g7 Kh5 49. g8=Q 1-0

[Event "IV Weekend"]
[Site "Casaleone ITA"]
[Date "2011.06.04"]
[Round "4"]
[White "Bellini, Luca"]
[Black "Benaddi, Redouane"]
[Result "0-1"]
[WhiteElo "1705"]
[BlackElo "1704"]
[PlyCount "77"]
[EventDate "2011.05.28"]

1. d4 Nf6 2. Nf3 g6 3. h3 Bg7 4. Bf4 Nd5 5. Bh2 d6 6. e4 Nb6 7. Bd3 O-O 8. O-O
Bd7 9. c3 c5 10. Nbd2 Qc8 11. b3 cxd4 12. cxd4 Qc3 13. Qe2 Nc6 14. e5 d5 15.
Rac1 Qa5 16. Bb1 Rac8 17. Qe3 Nb4 18. a4 Nc6 19. Ng5 Bh6 20. f4 Qb4 21. Ngf3
Na5 22. g4 e6 23. Rc5 Rxc5 24. dxc5 Na8 25. Nd4 Qxc5 26. N2f3 Rc8 27. Qf2 Bf8
28. f5 Nc6 29. fxe6 Bxe6 30. Rd1 Qc3 31. Bf4 Nxd4 32. Nxd4 Bc5 33. Be3 Nb6 34.
Rd3 Qa1 35. Rd1 Nd7 36. Nxe6 Bxe3 37. Qxe3 fxe6 38. Re1 Qc3 39. Qg5 0-1

[Event "IV Weekend"]
[Site "Casaleone ITA"]
[Date "2011.06.04"]
[Round "4"]
[White "Benedetti, Maurizio"]
[Black "Cavalleri, Giuseppe"]
[Result "1/2-1/2"]
[WhiteElo "1752"]
[BlackElo "1819"]
[PlyCount "84"]
[EventDate "2011.05.28"]

1. e4 e5 2. Nf3 d6 3. d4 exd4 4. Nxd4 Nf6 5. Nc3 Be7 6. Bd3 Bd7 7. O-O Nc6 8.
Nxc6 Bxc6 9. Re1 O-O 10. Nd5 h6 11. Qf3 Nd7 12. Nxe7+ Qxe7 13. Qg3 Kh8 14. f4
Rae8 15. Bd2 Nc5 16. Bc3 f6 17. Re3 Nxe4 18. Qg6 Qf7 19. Qxf7 Rxf7 20. Rae1 d5
21. Bd4 b6 22. f5 Bb7 23. c4 c5 24. Bxe4 cxd4 25. Bxd5 Rxe3 26. Rxe3 Bxd5 27.
Re8+ Kh7 28. cxd5 Rd7 29. Kf2 Rxd5 30. g4 d3 31. Ke1 Re5+ 32. Rxe5 fxe5 33. h4
Kg8 34. Kd2 e4 35. g5 Kf7 36. Ke3 Ke7 37. Kd2 Kd6 38. f6 Ke6 39. fxg7 Kf7 40.
gxh6 Kg8 41. Ke3 Kh7 42. h5 Kg8 1/2-1/2